<?xml version="1.0" encoding="UTF-8"?>
<collection xmlns="http://www.loc.gov/MARC21/slim">
<record>
  <controlfield tag="001">163845</controlfield>
  <controlfield tag="005">20251107115329.0</controlfield>
  <datafield tag="024" ind1="7" ind2=" ">
    <subfield code="2">doi</subfield>
    <subfield code="a">10.5565/rev/ensciencias.6358</subfield>
  </datafield>
  <datafield tag="024" ind1="8" ind2=" ">
    <subfield code="2">sideral</subfield>
    <subfield code="a">146042</subfield>
  </datafield>
  <datafield tag="037" ind1=" " ind2=" ">
    <subfield code="a">ART-2025-146042</subfield>
  </datafield>
  <datafield tag="041" ind1=" " ind2=" ">
    <subfield code="a">spa</subfield>
  </datafield>
  <datafield tag="100" ind1=" " ind2=" ">
    <subfield code="a">Martín García, Jorge</subfield>
    <subfield code="u">Universidad de Zaragoza</subfield>
    <subfield code="0">(orcid)0000-0002-2247-0826</subfield>
  </datafield>
  <datafield tag="245" ind1=" " ind2=" ">
    <subfield code="a">Jugando en el aula: ¿qué percibe el profesorado de infantil en formación inicial sobre los Espacios de Ciencias de libre elección?</subfield>
  </datafield>
  <datafield tag="260" ind1=" " ind2=" ">
    <subfield code="c">2025</subfield>
  </datafield>
  <datafield tag="520" ind1="3" ind2=" ">
    <subfield code="a">Pese al valor del juego en el aprendizaje de ciencias, su uso es limitado en las aulas. Ante este escenario, se hace necesario introducir estrategias en la formación inicial del profesorado que ayuden a conocer formas de abordar el juego. Este estudio evalúa las percepciones de 61 futuros docentes de educación infantil sobre las características y viabilidad de un espacio de ciencias de libre elección a partir de las respuestas dadas a un cuestionario cumplimentado tras jugar en este entorno de aprendizaje lúdico. En sus respuestas destacan los aprendizajes científicos que promueve este entorno, valoran positivamente la libertad, aunque también la asocian con pérdida de control y consideran una desventaja el esfuerzo que requiere diseñar estos espacios. Estos resultados parecen mostrar que jugar y analizar el juego puede promover una reducción de la ceguera ante situaciones potenciales de aprendizaje científico.</subfield>
  </datafield>
  <datafield tag="506" ind1="0" ind2=" ">
    <subfield code="a">Access copy available to the general public</subfield>
    <subfield code="f">Unrestricted</subfield>
  </datafield>
  <datafield tag="536" ind1=" " ind2=" ">
    <subfield code="9">info:eu-repo/grantAgreement/ES/AEI/AEI PID2021-1236150A-I00</subfield>
    <subfield code="9">info:eu-repo/grantAgreement/ES/AEI/AEI PID2024-156735NA-I00</subfield>
    <subfield code="9">info:eu-repo/grantAgreement/ES/DGA/S27-23R</subfield>
    <subfield code="9">info:eu-repo/grantAgreement/ES/UZ/PIIDUZ-23-428</subfield>
    <subfield code="9">info:eu-repo/grantAgreement/ES/UZ/PIIDUZ-24-5524</subfield>
  </datafield>
  <datafield tag="540" ind1=" " ind2=" ">
    <subfield code="9">info:eu-repo/semantics/openAccess</subfield>
    <subfield code="a">by</subfield>
    <subfield code="u">https://creativecommons.org/licenses/by/4.0/deed.es</subfield>
  </datafield>
  <datafield tag="655" ind1=" " ind2="4">
    <subfield code="a">info:eu-repo/semantics/article</subfield>
    <subfield code="v">info:eu-repo/semantics/publishedVersion</subfield>
  </datafield>
  <datafield tag="700" ind1=" " ind2=" ">
    <subfield code="a">Mateo González, Ester</subfield>
    <subfield code="u">Universidad de Zaragoza</subfield>
    <subfield code="0">(orcid)0000-0002-2597-7585</subfield>
  </datafield>
  <datafield tag="700" ind1=" " ind2=" ">
    <subfield code="a">Sáez-Bondía, María José</subfield>
    <subfield code="u">Universidad de Zaragoza</subfield>
    <subfield code="0">(orcid)0000-0002-8733-1501</subfield>
  </datafield>
  <datafield tag="710" ind1="2" ind2=" ">
    <subfield code="1">4013</subfield>
    <subfield code="2">205</subfield>
    <subfield code="a">Universidad de Zaragoza</subfield>
    <subfield code="b">Dpto. Didácticas Específicas</subfield>
    <subfield code="c">Área Didáctica Ciencias Exper.</subfield>
  </datafield>
  <datafield tag="773" ind1=" " ind2=" ">
    <subfield code="g">43, 3 (2025), 93-113</subfield>
    <subfield code="t">Enseñanza de las Ciencias. Revista de investigación y experiencias didácticas</subfield>
    <subfield code="x">2174-6486</subfield>
  </datafield>
  <datafield tag="856" ind1="4" ind2=" ">
    <subfield code="s">4562321</subfield>
    <subfield code="u">http://zaguan.unizar.es/record/163845/files/texto_completo.pdf</subfield>
    <subfield code="y">Versión publicada</subfield>
  </datafield>
  <datafield tag="856" ind1="4" ind2=" ">
    <subfield code="s">2334804</subfield>
    <subfield code="u">http://zaguan.unizar.es/record/163845/files/texto_completo.jpg?subformat=icon</subfield>
    <subfield code="x">icon</subfield>
    <subfield code="y">Versión publicada</subfield>
  </datafield>
  <datafield tag="909" ind1="C" ind2="O">
    <subfield code="o">oai:zaguan.unizar.es:163845</subfield>
    <subfield code="p">articulos</subfield>
    <subfield code="p">driver</subfield>
  </datafield>
  <datafield tag="951" ind1=" " ind2=" ">
    <subfield code="a">2025-11-07-10:25:52</subfield>
  </datafield>
  <datafield tag="980" ind1=" " ind2=" ">
    <subfield code="a">ARTICLE</subfield>
  </datafield>
</record>
</collection>